| 000 | 00766nam a22002055i 4500 | ||
|---|---|---|---|
| 001 | 168714 | ||
| 003 | ES-MaACL | ||
| 005 | 20230906213852.0 | ||
| 008 | 080521s2008 sp |||| | spa d | ||
| 020 | _a978-84-95669-83-4 | ||
| 080 | _a355.49(460)"1936/1939"(093) | ||
| 100 | 1 |
_aCervera Pery, José. _937642 |
|
| 245 | 1 | 3 |
_aLa historiografía de la guerra española en el mar (1936-1939) _b: aproximación bibliográfica, reflexión histórica / _cJosé Cervera Pery. |
| 250 | _a1ª ed. | ||
| 260 |
_aCartagena : _bÁglaya, _c2008. |
||
| 300 |
_a382 p. : _bil. col. ; _c24 cm. |
||
| 650 | 4 |
_aMarina de guerra- _zEspaña- _vBibliografías. _914781 |
|
| 651 | 4 |
_aEspaña- _xHistoria- _y1936-1939, Guerra civil- _vBibliografías. _98297 |
|
| 852 | 4 |
_aES-MaACL _jL-29487 |
|
| 999 |
_c168714 _d168714 |
||